000 01157nam0a22002891 4500
001 rc\3593394
005 20260407021748.0
021 _aRU
_bРг10801-73
035 _a(NLR Aleph) 007703695
090 _a6774656
_c6774656
100 _a20130115d1973 |||y0rusy50 ca
101 0 _arus
102 _aRU
105 _aa b |||||
200 1 _aПреобразователь частоты (типа) ПЧС-25-150/200/400-230-2
_e[Каталог]
_fИзготовитель: запорож. произв. объединение "Преобразователь"
210 _aМосква
_cБ. и.
_d[1973]
215 _a3 с.
_cил.
_d29
225 1 _aИнформэлектро
_v05.09.04-73
309 _aБез тит. л. и обл.
517 0 _aПреобразователь частоты ПЧС-25-150/200/400-230-2
532 1 3 _aПреобразователь частоты типа ПЧС-25-150/200/400-230-2
712 0 2 _a"Преобразователь", об-ние
_cЗапорожье
_9511112
_3RU\NLR\AUTH\8810006794
801 0 _aRU
_bNLR
_gpsbo
801 1 _aRU
_bELAR
_2rusmarc
852 _aNLR
_bСВТЛ
942 _cBOOK
980 _aNB